| 000 | 01060cab a2200205 4500 | ||
|---|---|---|---|
| 001 | ABS43672 | ||
| 008 | 090401t1990 xxu||||| |||| 00| 0 eng d | ||
| 035 | _a(Sirsi) u42899 | ||
| 041 | _aeng | ||
| 245 | _aNational housing and town planning | ||
| 260 | _c1990 | ||
| 350 | _a0 | ||
| 490 |
_aMunicipal Journal _v(43) 26 October 1990, 23-61(18) |
||
| 520 | _aSurvey of local authority housing and its effects on town planning prior to the National Housing and Town Planning Council annual conference in Brighton. Includes an examination of the future of council housing in the light of right to buy ; reviews planning problems of satellite dishes ; description of how the Dutch have coped with the EC Directive on environmental impact assessment ; review of Conservative rent to mortgage scheme ; discussion of the Local Government and Housing Act 1989 ; plans for urban renewal and review of Government proposals for energy efficiency . | ||
| 650 | _aHOME OWNERSHIP | ||
| 650 | _aNETHERLANDS | ||
| 690 | _aHOUSING | ||
| 942 | _n0 | ||
| 948 | _c04/03/1997 | ||
| 999 |
_c27438 _d27438 |
||